Logo BPK

Biblioteka

Politechniki Koszalińskiej

Robinsonowie. (Rekord nr 50112)

Szczegóły MARC
000 -ETYKIETA REKORDU
podpole kontrolne o stałej długości 00336ngm a2200133 i 4500
001 - NUMER KONTROLNY REKORDU
pole kontrolne bg
040 ## - ŹRÓDŁO KATALOGOWANIA
Instytucja, która utworzyła rekord BPK
041 ## - KOD JĘZYKA
Kod języka tekstu pol
008 - POLE O STAŁEJ DŁUGOŚCI - DANE KONTROLNE
podpole kontrolne o stałej długości s pl f |000 0 pol
100 1# - NAZWA OSOBOWA
Nazwa osobowa Borkowski, Wojciech.
245 00 - TYTUŁ/ODPOWIEDZIALNOŚĆ
Tytuł Robinsonowie.
Pozostałe elementy strefy tytułu i oznaczenia odpowiedzialności Wojciech Borkowski, Gerard Sawicki.
Oznaczenie części/sekcji dzieła 1-2 /
260 ## - STREFA ADRESU WYDAWNICZEGO
Miejsce wydania Warszawa :
Nazwa wydawcy/dystrybutora [s.n.],
Data publikacji, dystrybucji/powstania dokumentu 1995.
856 ## - LOKALIZACJA I DOSTĘP DO ELEKTRONICZNYCH DOKUMENTÓW ZDALNYCH
Link (URL) http://koha.tu.koszalin.pl/cgi-bin/koha/opac-detail.pl?biblionumber=50112
Tekst linku Katalog online BPK
942 ## - DODATKOWE ELEMENTY (KOHA)
Typ dokumentu Kaseta wideo
Egzemplarze
Wycofany Status egzemplarza Uszkodzony Dostępność Lokalizacja stała Lokalizacja bieżąca Miejsce przechowywania Sygnatura Kod kreskowy Typ dokumentu
      Dostępny Biblioteka Politechniki Koszalińskiej Biblioteka Politechniki Koszalińskiej Wypożyczalnia BG TW 979 02261027 Kaseta wideo
      Dostępny Biblioteka Politechniki Koszalińskiej Biblioteka Politechniki Koszalińskiej Wypożyczalnia BG TW 980 02261010 Kaseta wideo
© 2023 Biblioteka Politechniki Koszalińskiej :: KOHA